000 02090nam a2200265 a 4500
001 BRCA_8640
003 FranzMayer
005 20230724143035.0
008 270916s1731----sp-#######---#000-0#spa-#
040 _aMFM
_besp
_cMFM
041 _aspa
044 _asp
084 _aBE33
_b.J63 1731
100 1 _aJoaquín de Jesús
_c(O.F.M.)
_921566
245 1 0 _aMission formada
_bcontiene varios sermones, y assumtos muy essenciales, que se pueden predicar para bien de las Almas, y reforma universal de los Pueblos : dividida en dos tomos. Dedicalos con todo afecto a la magestad de christo crucificado, con la advocación de la salud, que se venera en el Real Convento de San Gil de Madrid
_csu autor P. Fr. Joachin de Jesus Predicador Misionero y Difinidor habitual de la Santa Provincia de S. Joseph de Descalzos de la mas estrecha Observancia de nuestro P.S. Francisco ; tomo primero.
260 _aMadrid
_bEn la Oficina de Manuel Martinez
_c1731
300 _a[40], 369, [13] p.
_c21 x 15.5 cm.
500 _aEstado físico : lomo desprendido, hojas con manchas y cintas rotas
500 _aCon marca de fuego : ´Procedencia de la marca: Convento de Santa Teresa Jesús de Querétaro(1). Institución: Orden de Carmelitas Descalzos. Provincia de San Alberto de México. Descripción: Variación sobre las armas de la Orden del Monte Carmelo. Un mantel sumado de una cruz patada y cargado de una letra capital Q. Al timbre, corona real abierta. Observaciones: Esta marca conserva tres elementos del escudo carmelita: la cruz, el mantel / monte y la corona de tres florones, simplificación de la de 12 estrellas (sentido místico del Apocalipsis) (2) ---------- En 2006 Fermín Campos sugirió que la inicial Q es la sigla de la palabra ´Querétaro´. Ubicación de la marca en el libro: Canto superior´
650 1 4 _aIglesia católica
_xSermones
_921286
700 1 _aMartínez, Manuel, (Madrid)
_921567
856 _ahttp://www.marcasdefuego.buap.mx:8180/xmLibris/projects/firebrand/item.jsp?repository=marcas_de_fuego&key=1cac16ac.xml&num=19
902 _aCFM
942 _2lcc
_cB
999 _c8300
_d8300